Представление документа в формате RUSMARC

ПолеНазваниеЗначение
  Тип записи a
  Библиографический уровень m
001 Контрольный номер RU/SLIB/B/208734119
005 Дата корректировки 20241126143624.3
010 Индекс ISBN __
d Цена 1-50
101 Язык документа 0_
a Язык текста rus
200 Заглавие и сведения об ответственности 1_
a Заглавие Буденный
b Общее обозначение материала Текст
210 Выходные данные 1_
a Место издания М.
c Издательство Молодая гвардия
d Дата издания 1983
215 Физическое описание __
a Объем 303 с.
c Иллюстрации/тип воспроизводства ил.
225 Серия 2_
a Серия Жизнь замечательных людей: Серия биографий
v Обозначение тома Вып. 7 (636)
600 Персоналии _1
a Персоналии (Фамилия) Буденный, С. М.
606 Тематические рубрики __
a Основная рубрика Военное дело
y Географическая подрубрика Россия
606 Тематические рубрики __
a Основная рубрика Вооруженные силы СССР и России
610 Ключевые слова 0_
a Ключевые слова персоналии; полководцы; Гражданская война; государственные деятели
686 Индексы других классификаций __
a Классификационный индекс 68.424.3(2)д; ст68.4(2)д
700 Автор _1
a Фамилия Золототрубов
b Имя А. М.
4 Код отношения 070
801 Источник записи _0
a Страна RU
b Организация Муниципальное бюджетное учреждение культуры "Централизованная библиотечная система" г. Сургут (Центральная городская библиотека им. А. С. Пушкина)
g Правила каталогизации КиК/Уланова
801 Источник записи _1
a Страна RU
b Организация Муниципальное бюджетное учреждение культуры "Централизованная библиотечная система" г. Сургут (Центральная городская библиотека им. А. С. Пушкина)
g Правила каталогизации КиК/Уланова
852 Данные о местонахождении __
j Шифр хранения 68.424.3(2)д
c Каталожный индекс 68.49(2)243
i Авторский знак З-80
p Инвентарный номер 15614
901 Тип документа __
t Тип документа m
990 Данные о заказе (DOS) __
j Количество экземпляров (DOS) 5
t N записи в КСУ для И/У (DOS) 199101